| 000 | 00972cam a2200277 a 4500 | ||
|---|---|---|---|
| 001 | 666 | ||
| 003 | BR-CuiBMT | ||
| 005 | 20231121220842.0 | ||
| 008 | 231113s2015 mgb 000 0 por d | ||
| 020 | _a978854500426 | ||
| 040 |
_aBR-CuiBMT _cBR-CuiBMT |
||
| 080 |
_22007 _a657.6:364.3 |
||
| 090 |
_a657.6:364.3 _bA282q |
||
| 100 | 1 | _aAguiar, Ubiratan | |
| 245 | 1 | 0 |
_aQuestões polêmicas do sistema ´´s´´ sob a ótica do TCU / _cUbiratan Aguiar, Andrei Aguiar ; prefácio Augusto Sherman Cavalcanti. |
| 260 |
_aBelo Horizonte : _bFórum, _c2015. |
||
| 300 |
_a240 p. ; _c21 cm |
||
| 504 | _aInclui bibliografia. | ||
| 650 |
_aServiço Social da Indústria _zBrasil |
||
| 650 |
_aServiço social autônomo _zBrasil |
||
| 650 |
_aServiço Brasileiro de Apoio às Micro e Pequenas Empresas _zBrasil |
||
| 650 |
_aServiço Social do Comércio _vBrasil |
||
| 650 |
_aServiço social _xFiscalização _xControle _zBrasil |
||
| 700 | 1 | _aAguiar, Andrei | |
| 942 |
_2udc _cLV |
||
| 999 |
_c666 _d666 |
||